Detalles MARC
| 000 -CABECERA |
| campo de control de longitud fija |
01474nam a2200373 b 4500 |
| 001 - NÚMERO DE CONTROL |
| campo de control |
Mimo0001923560 |
| 003 - IDENTIFICADOR DEL NÚMERO DE CONTROL |
| campo de control |
SpMaBN |
| 005 - FECHA Y HORA DE LA ÚLTIMA TRANSACCIÓN |
| campo de control |
20191128191756.0 |
| 008 - DATOS DE LONGITUD FIJA--INFORMACIÓN GENERAL |
| campo de control de longitud fija |
040302s2004 sp | ||| ||spa |
| 016 7# - NÚMERO DE CONTROL DE UNA AGENCIA BIBLIOGRÁFICA NACIONAL |
| Número de control del registro |
bimoBNE20040223209 |
| Fuente |
SpMaBN |
| 017 ## - NÚMERO DE COPYRIGHT O DE DEPÓSITO LEGAL |
| Número de copyright o de depósito legal |
M 3555-2004 |
| Agencia que asigna |
Oficina Depósito Legal Madrid |
| 020 ## - NÚMERO INTERNACIONAL ESTÁNDAR DEL LIBRO |
| Número Internacional Estándar del Libro |
8484325318 |
| 035 ## - NÚMERO DE CONTROL DEL SISTEMA |
| Número de control de sistema |
(OCoLC)433648928 |
| 040 ## - FUENTE DE LA CATALOGACIÓN |
| Centro catalogador/agencia de origen |
SpMaBN |
| Lengua de catalogación |
spa |
| Centro/agencia transcriptor |
SpMaBN |
| Normas de descripción |
rdc |
| 041 1# - CÓDIGO DE LENGUA |
| Código de lengua del texto/banda sonora o título independiente |
spa |
| Código de lengua original |
eng |
| 082 ## - NÚMERO DE LA CLASIFICACIÓN DECIMAL DEWEY |
| Número de clasificación |
355 C592q 2003 |
| 100 1# - ENTRADA PRINCIPAL--NOMBRE DE PERSONA |
| Autor Personal |
Clark, Wesley K. |
| Fechas asociadas al autor |
1944- |
| 245 10 - MENCIÓN DE TÍTULO |
| Título |
¿Qué ha fallado en Irak? : |
| Resto del título |
la guerra, el terrorismo y el imperio americano / |
| Mención de responsabilidad, etc. |
Wesley K. Clark ; [traducción castellana de, Juan Rabasseda-Gascón] |
| 260 ## - PUBLICACIÓN, DISTRIBUCIÓN, ETC. |
| Lugar de publicación, distribución, etc. |
Barcelona : |
| Nombre del editor, distribuidor, etc. |
Crítica, |
| Fecha de publicación, distribución, etc. |
2004 |
| 300 ## - DESCRIPCIÓN FÍSICA |
| Extensión |
XXIV, 205 páginas. |
| Otras características físicas |
mapa |
| 490 ## - MENCIÓN DE SERIE |
| Mención de serie |
Letras de Crítica |
| 504 ## - NOTA DE BIBLIOGRAFÍA, ETC. |
| Nota de bibliografía, etc. |
Incluye Índice |
| 650 #7 - PUNTO DE ACCESO ADICIONAL DE MATERIA--TÉRMINO DE MATERIA |
| Término de materia o nombre geográfico como elemento de entrada |
Guerra de Irak, 2003 |
| 651 #7 - PUNTO DE ACCESO ADICIONAL DE MATERIA--NOMBRE GEOGRÁFICO |
| Nombre geográfico |
Estados Unidos |
| Subdivisión general |
Política exterior |
| Subdivisión cronológica |
1989- |
| 651 #7 - PUNTO DE ACCESO ADICIONAL DE MATERIA--NOMBRE GEOGRÁFICO |
| Nombre geográfico |
Estados Unidos |
| Subdivisión general |
Política militar |
| Subdivisión cronológica |
1989- |
| 942 ## - ELEMENTOS DE PUNTO DE ACCESO ADICIONAL (KOHA) |
| Fuente del sistema de clasificación o colocación |
Dewey Decimal Classification |
| Tipo de ítem Koha |
Libros |
| Catalogador |
Elizabeth Figueroa |
| 956 ## - LOCALIZACIÓN Y ACCESO ELECTRÓNICOS LOCAL (OCLC) |
| Nombre del host |
1 2 |
| 980 ## - EQUIVALENCIA O REFERENCIA-CRUZADA-MENCIÓN DE SERIE--NOMBRE DE PERSONA/TÍTULO [LOCAL, CANADÁ] |
| Nombre de persona |
M 3555-2004 |
| -- |
84-8432-531-8 |
| -- |
M-BN |
| Numeración |
BNMADRID |
| Calificador de atribución |
9/251240 |
| Títulos y otros términos asociados al nombre |
SG_RECOLET |
| 980 ## - EQUIVALENCIA O REFERENCIA-CRUZADA-MENCIÓN DE SERIE--NOMBRE DE PERSONA/TÍTULO [LOCAL, CANADÁ] |
| Nombre de persona |
M 3556-2004 |
| -- |
84-8432-533-4 |
| -- |
M-BN |
| Numeración |
BNALCALA |
| Calificador de atribución |
AHM/723268 |
| Títulos y otros términos asociados al nombre |
SALA_ALC |
| 980 ## - EQUIVALENCIA O REFERENCIA-CRUZADA-MENCIÓN DE SERIE--NOMBRE DE PERSONA/TÍTULO [LOCAL, CANADÁ] |
| Nombre de persona |
M 3556-2004 |
| -- |
84-8432-533-4 |
| -- |
M-BN |
| Numeración |
BNALCALA |
| Calificador de atribución |
AHM/723269 |
| Títulos y otros términos asociados al nombre |
SALA_ALC |
| 980 ## - EQUIVALENCIA O REFERENCIA-CRUZADA-MENCIÓN DE SERIE--NOMBRE DE PERSONA/TÍTULO [LOCAL, CANADÁ] |
| Nombre de persona |
M 3555-2004 |
| -- |
84-8432-531-8 |
| -- |
M-BN |
| Calificador de atribución |
AHMo/56597 |
| 980 ## - EQUIVALENCIA O REFERENCIA-CRUZADA-MENCIÓN DE SERIE--NOMBRE DE PERSONA/TÍTULO [LOCAL, CANADÁ] |
| Nombre de persona |
M 3556-2004 |
| -- |
84-8432-533-4 |
| -- |
M-BN |
| Numeración |
BNALCALA |
| Calificador de atribución |
DL/1277182 |
| Títulos y otros términos asociados al nombre |
CONSERVACI |
| 980 ## - EQUIVALENCIA O REFERENCIA-CRUZADA-MENCIÓN DE SERIE--NOMBRE DE PERSONA/TÍTULO [LOCAL, CANADÁ] |
| Nombre de persona |
M 3555-2004 |
| -- |
84-8432-531-8 |
| -- |
M-BN |
| Numeración |
BNALCALA |
| Calificador de atribución |
DL/1278241 |
| Títulos y otros términos asociados al nombre |
CONSERVACI |